00208nam a2200085Ia 4500008004100000100001500041245003900056260001800095260000900113180219s9999 xx 000 0 und d aSharma D L 0aUdiyman Bhartiya Samaj Me Shikshan aR.Lall Meerut c2011